Wo wachsen diese Nahrungsmittel? #3 - Statistiken

Allgemein
  • Dieses Quiz wurde 83 mal gespielt
  • Das Durchschnittsergebnis liegt bei 17 aus 24
Antwortstatistiken
Frage Antwort % Korrekt
Pampelmuse
100%
Granatapfel
100%
Römersalat
100%
Petersilie
100%
Papaya
100%
Rucola
100%
Pistazie
100%
Romanesco
100%
Endivie
100%
Schwarzwurzel
100%
Mandel
100%
Pak Choi
80%
Kaki
80%
Brombeere
80%
Aronia
80%
Litschi
60%
Stinkfrucht
60%
Kohlrabi
60%
Koriander
40%
Ginseng
40%
Maniok
40%
Wasabi
20%
Kaktusfeige
0%
Açai
0%
Keine übereinstimmenden Quizze gefunden
Verteilung der Resultate
Anzahl Personen mit jedem Resultat
Perzentil nach korrekt beantworteten Fragen
Ihre Resultats-Entwicklung
Sie haben dieses Quiz noch nicht gespielt